Les talents des pokémon de la 1G (Moyen) - Statistiques

Statistiques générales
  • Ce quiz a été pris 16 fois
  • Le résultat moyen est 241 sur 395
Statistiques - réponses
Hint Réponse % Correct
Bulbizarre | Florizarre | Herbizarre Engrais
100%
Carabaffe | Carapuce | Tortank Torrent
100%
Aquali | Lokhlass | Ptitard | +2 others Absorb-Eau
93%
Dracaufeu | Reptincel | Salamèche Brasier
93%
Galopa | Magmar | Ponyta | Sulfura Corps Ardent
93%
Akwakwak | Amonistar | Amonita | +10 others Glissade
93%
Abo | Arbok | Arcanin | +3 others Intimidation
93%
Electhor | Electrode | Elektek | +3 others Statik
93%
Voltali Absorbe-Volt
86%
Fantominus | Smogo | Smogogo | Spectrum Lévitation
86%
Ossatueur | Osselait | Pikachu | +5 others Paratonnerre
86%
Artikodin | Electhor | Mewtwo | +2 others Pression
86%
Boustiflor | Bulbizarre | Chétiflor | +9 others Chlorophylle
79%
Dracaufeu | Reptincel | Salamèche Force Soleil
79%
Abo | Arbok | Chrysacier | +3 others Mue
79%
Hypocéan | Nidoking | Nidoqueen | +4 others Point Poison
79%
Feunard | Goupix Sécheresse
79%
Arcanin | Caninos | Feunard | +4 others Torche
79%
Excelangue | Flagadoss | Lippoutou | Ramoloss Benêt
71%
Amonistar | Amonita | Crustabri | +4 others Coque-Armure
71%
Gravalanch | Grolem | Magnéti | +3 others Fermeté
71%
Abra | Alakazam | Kadabra | +2 others Garde Magik
71%
Mimitoss | Papilusion Oeil Composé
71%
Tygnon Poing de Fer
71%
Canarticho | Piafabec | Rapasdepic | +4 others Regard Vif
71%
Dardargnan | Insécateur Essaim
64%
Aspicot | Chenipan | Dodrio | +8 others Fuite
64%
Mélofée | Rondoudou Garde-Ami
64%
Krabboss | Krabby | Scarabrute Hyper Cutter
64%
Métamorph Imposteur
64%
Léviator | Scarabrute Impudence
64%
Magnéti | Magnéton Magnépiège
64%
Akwakwak | Hypocéan | Hypotrempe | +6 others Moiteur
64%
Crustabri | Kokiyas Multi-Coups
64%
Dracolosse Multiécaille
64%
Taupiqueur | Triopikeur Piège Sable
64%
Paras | Parasect | Rafflésia Pose Spore
64%
Flagadoss | Ramoloss | Saquedeneu Régé-Force
64%
Krabboss | Krabby | Nidoking | +2 others Sans Limite
64%
Abo | Arbok | Mewtwo | +3 others Tension
64%
Gravalanch | Grolem | Onix | +6 others Tête de Roc
64%
Evoli Adaptabilité
57%
Akwakwak | Excelangue | Psykokwak Ciel Gris
57%
Arcanin | Caninos Coeur Noble
57%
Ectoplasma Corps Maudit
57%
Tentacool | Tentacruel Corps Sain
57%
Machoc | Machopeur | Mackogneur | +3 others Cran
57%
Carabaffe | Carapuce | Tentacool | +2 others Cuvette
57%
Taupiqueur | Triopikeur Force Sable
57%
Melodelfe Inconscient
57%
Hypnomade | Soporifik Insomnia
57%
Lamantine | Otaria | Ronflex Isograisse
57%
Nidoking | Nidoqueen | Nidoran ♀ | +3 others Rivalité
57%
Insécateur | M.Mime | Miaouss | Persian Technicien
57%
Grotadmorv | Tadmorv Toxitouche
57%
Abra | Alakazam | Canarticho | +8 others Attention
50%
Porygon Calque
50%
Roucarnage | Roucool | Roucoups Coeur de Coq
50%
Draco | Minidraco Ecaille Spéciale
50%
Grotadmorv | Tadmorv Glu
50%
Grodoudou | Melodelfe | Mélofée | Rondoudou Joli Sourire
50%
Aéromite | Mimitoss | Papilusion Lentiteintée
50%
Leveinard | Stari | Staross Médic Nature
50%
Lippoutou | Paras | Parasect Peau Sèche
50%
Voltali Pied Véloce
50%
Kangourex Querelleur
50%
Dardargnan | Hypocéan | Hypotrempe | +2 others Sniper
50%
Tentacool | Tentacruel Suintement
50%
Porygon Télécharge
50%
Kicklee | Rhinocorne | Rhinoféros Téméraire
50%
Excelangue | Flagadoss | Ramoloss Tempo Perso
50%
Gravalanch | Grolem | Racaillou | +4 others Voile Sable
50%
Nidoran ♀ | Nidoran ♂ | Nidorina | +3 others Agitation
43%
Magnéti | Magnéton | Porygon | +2 others Analyste
43%
Machoc | Machopeur | Mackogneur Annule Garde
43%
Kabuto | Kabutops | Ossatueur | Osselait Armurbaston
43%
Onix Armurouillée
43%
Sabelette | Sablaireau Baigne Sable
43%
Grodoudou | Rondoudou Battant
43%
Colossinge | Férosinge | Tauros Colérique
43%
Lamantine | Otaria Corps Gel
43%
Kicklee Délestage
43%
Kicklee | Métamorph | Persian Echauffement
43%
Aspicot | Aéromite | Chenipan Ecran Poudre
43%
Colossinge | Elektek | Férosinge | Magmar Esprit Vital
43%
Smogo | Smogogo Gaz Inhibiteur
43%
Boustiflor | Chétiflor | Empiflor | Ronflex Gloutonnerie
43%
Aquali | Lamantine | Lokhlass | Otaria Hydratation
43%
Insécateur | Machoc | Machopeur | Mackogneur Impassible
43%
Nosferalto | Nosferapti Infiltration
43%
Dodrio | Doduo | Kangourex Matinal
43%
Magicarpe Phobique
43%
Dodrio | Doduo | Roucarnage | +2 others Pieds Confus
43%
Hypnomade | Lippoutou | Soporifik Prédiction
43%
Artikodin Rideau Neige
43%
Abra | Alakazam | Kadabra | Mew Synchro
43%
Electrode | M.Mime | Voltorbe Anti-Bruit
36%
Amonistar | Amonita | Kabuto | Kabutops Armurouillée
36%
Electrode | Voltorbe Boom Final
36%
Scarabrute Brise Moule
36%
M.Mime Filtre
36%
Poissirène | Poissoroy Ignifu-Voile
36%
Grotadmorv | Ortide | Smogo | +2 others Puanteur
36%
Miaouss Ramassage
36%
Leveinard Sérénité
36%
Ronflex Vaccin
36%
Canarticho | Colossinge | Férosinge Acharné
29%
Evoli Anticipation
29%
Leveinard Coeur Soin
29%
Saquedeneu Feuille Garde
29%
Grodoudou Fouille
29%
Stari | Staross Luminescence
29%
Aéromite Peau Miracle
29%
Noadkoko | Noeunoeuf Récolte
29%
Crustabri | Kokiyas Envelocape
21%
Aucun quiz correspondant
Distribution des résultats
% des personnes avec chaque résultat
Percentile par nombre de réponses
Votre historique - résultats
Vous n’avez pas pris ce quiz